000 00637nam a2200229 a 4500
001 71918
003 BD-RjUL
005 20211209082201.0
008 170509r1961 ilu b 00100 engm
035 _a(BD-RjUL)72134
040 _aDLC
_cKSU
_dSER
_dBOS
_dBD-RjUL
_beng
041 _aeng
082 0 4 _223
_a537.532
_bLIP 1961
100 1 _aLinhart, J.G
_9212721
245 1 0 _aPlasma physics /
_cJiri George Linhart
250 _a2nd rev. ed.
260 _aAmsterdam :
_bNorth-Holland Publishing company,
_c1961
300 _a278 p. ;
_c21 cm.
504 _aIncludes index.
650 _aPlasma (Ionized gases)
_9160125
942 _2ddc
_cBK
999 _c71918
_d71918